| 000 | 00632nam a2200205 a 4500 | ||
|---|---|---|---|
| 005 | 20140310183455.0 | ||
| 008 | 091116s19uu xx 00 eng d | ||
| 020 | _a9780071615495 | ||
| 050 |
_aHD 9710.J34 _b.T69 2009 |
||
| 100 | _aIyer, Ananth V. | ||
| 245 |
_aToyota supply chain management : _ba strategic approach to the principles of Toyota's renowned system / _cAnanth V. Iyer. |
||
| 260 |
_aNew York : _bMcGraw Hill, _c2009. |
||
| 300 |
_a226 p. : _c25 cm. |
||
| 521 | _aBSBA | ||
| 650 | _aSupply Chain Management. | ||
| 700 | _aSeshadri, Shidhar | ||
| 700 | _aVasher, Roy | ||
| 942 |
_cBK _2lcc _kFOR |
||
| 999 |
_c23609 _d23609 |
||